000 00761nam a2200181 a 4500
001 000041245
005 20201002034726.0
008 130930s2005 sp 000 0 spa d
020 _a8400079205
040 _aDO-SdBNP
_bspa
_cBNPHU
100 1 _aSánchez Román, José Antonio
_967624
245 1 0 _aLa Dulce crisis :
_bestado, empresarios e industria azucarera en Tucumán, Argentina (1853-1914) /
_cJosé Antonio Sánchez Román.
260 _aMadrid :
_bConsejo Superior de Investigaciones Científicas,
_c2005.
300 _a383 p. : ;
_c24 cm.
504 _aBibliografía : p. 367-383
710 2 _aConsejo Superior de Investigaciones Científicas
_94786
710 2 _aEscuela de Estudios Hispano-Americanos (Sevilla, Andalusia) Universidad de Sevilla
_967834
999 _c40735
_d40735